008250000a22002650004500003001100000005001700011008004100028020001500069040003900084041000800123082001500131245004000146260004900186300004900235490002100284650004300305650004200348650003100390650003600421700002200457700001900479700002100498700001800519700002200537LK-CoMWRAF20231130103759.0230817t1990 ||||| |||| 00| 0 eng d a9559052020 aLK-CoMWRAFdLK-CoMWRAFeLK-CoMWRAF aeng a331.4bWOM aWomen in export production villages aColombo:bCentre for women's research,c1990 a 151 p., x.bBibliography and index included aStudy series v2 a Export Production Village Programme  aRural development projects- Sri Lanka aWomen in rural development aEconomic conditions- Sri Lanka  aJayaweera, Swarna aPeiris, Kamala aDe Silva, Wimala aDias, Malsiri aGoonatilake, Hema